|
|
|
|
| LEADER |
00000cam a2200000 7i4500 |
| 001 |
0000006984 |
| 005 |
20151222.0 |
| 008 |
070828 |
| 020 |
|
|
|a 9831880455(set)
|
| 020 |
|
|
|a 9831880528
|
| 090 |
0 |
0 |
|a JF
|b SC ENG (7628)
|
| 100 |
1 |
|
|a Tan, Eunice
|
| 245 |
1 |
0 |
|a Sinking and floating
|c Eunice Tan
|
| 260 |
|
|
|a Selangor :
|b Nikaz Publications ,
|c 2004
|
| 440 |
|
|
|a Science all around me
|
| 500 |
|
|
|a Children ages 7-9 years old (orange)
|
| 650 |
|
0 |
|a Floating
|x Juvenile literature
|
| 650 |
|
0 |
|a Sinking
|x Juvenile literature
|
| 710 |
0 |
|
|a Title
|
| 999 |
|
|
|a 0000951485
|b Book
|c Children Collection
|e Cawangan Bandar Penawar
|
| 999 |
|
|
|a 0000988239
|b Book
|c Children Collection
|e Perbadanan Perpustakaan Awam Johor
|
| 999 |
|
|
|a 0000988241
|b Book
|c Children Collection
|e Perbadanan Perpustakaan Awam Johor
|